00474nmm a2200157Ia 4500008004100000020001800041041000800059100002100067245005200088264006800140300001800208650001400226856005200240942000700292999001700299251105s9999||||xx |||||||||||||||||und|| a9788416312733 aspa aJaime Gera, Gema 0aMetamorfosis personal. Ahora me siento mariposa a[Madrid, España] :bEditorial Club Universitario: ECU, c2016 a220 páginas aBiography uhttps://public.digitaliapublishing.com/a/171711 cCF c77516d77516